| 000 | 01075nam a22002417a 4500 | ||
|---|---|---|---|
| 999 |
_c64069 _d64069 |
||
| 005 | 20240530110713.0 | ||
| 008 | 180121s2016 ua a g b 000 0dara d | ||
| 017 |
_a2016/5995 _bمصر. دار الكتب |
||
| 020 | _a9789773212957 | ||
| 040 |
_aEG-CaGPL _cEG-CaGPL |
||
| 082 | 0 | 4 |
_221 _a953.4\ _bم ع |
| 100 | 0 | _aمحمود احمد محمد قمر | |
| 245 | 1 | 0 |
_aعمان : _bالتاريخ السياسى والاقتصادى والاجتماعى والثقافى من القرن الرابع حتى القرن السابع الهجرى / _cمحمود احمد محمد قمر . |
| 250 | _aط.1 | ||
| 260 |
_aالقاهرة : _bعين للدراسات و البحوث الانسانية و الاجتماعية ، _c2016 . |
||
| 300 |
_a415 ص. ؛ _c24 سم. |
||
| 504 | _aببليوجرافية : ص 369 - 414 | ||
| 651 | 0 | 7 |
_2qrmak _aعمان _xتاريخ |
| 651 | 0 | 7 |
_2qrmak _aعمان _xالاحوال السياسية |
| 651 | 0 | 7 |
_2qrmak _aعمان _xالاحوال الاجتماعية |
| 942 |
_2ddc _cBK |
||